MARC
LEADER
00000nam0a2200000 4500
001
370713
005
20231102012316.0
035
|a (RuTPU)RU\TPU\retro\28122
035
|a RU\TPU\retro\24564
090
|a 370713
100
|a 20220727d1978 km y0rusy5003 ca
101
0
|a rus
102
|a RU
105
|a a z 001zy
200
1
|a Радиосвязь, вещание, телевидение
|e сборник трудов
|f Ленинградский электротехнический институт связи им. М. А. Бонч-Бруевича ; отв. ред. А. Н. Рохмистров
210
|a Ленинград
|c [Б. и.]
|d 1978
215
|a 168 с.
|c ил.
225
1
|a Труды учебных институтов связи
320
|a Библиогр. в конце статей
606
1
|a Радиосвязь
|2 stltpush
|3 (RuTPU)RU\TPU\subj\68248
|9 83682
606
1
|a Телевидение
|2 stltpush
|3 (RuTPU)RU\TPU\subj\72657
|9 86077
610
1
|a фазовые звенья
610
1
|a фазовые корректоры
610
1
|a цифровые линейные тракты
610
1
|a предрегулировка
610
1
|a кодирование
610
1
|a адаптивные алгоритмы
610
1
|a полосовые формирующие цепи
610
1
|a низкочастотный прототип
610
1
|a чувствительность
610
1
|a функции
610
1
|a связь
675
|a 621.396
|z rus
|v 4
675
|a 621.397.13
|z rus
|v 4
702
1
|a Рохмистров
|b А. Н.
|4 340
712
0
2
|a Ленинградский электротехнический институт связи им. М. А. Бонч-Бруевича
|2 stltpush
|3 (RuTPU)RU\TPU\col\12894
|9 25559
801
0
|a RU
|b 63413507
|c 19950704
|g psbo
801
1
|a RU
|b 63413507
|c 20150402
801
2
|a RU
|b 63413507
|c 20220727
|g RCR
942
|c BK